000 01544nam0a2200313 i 4500
001 RU\NLR\BIBL_A\012808096
005 20260405054422.0
010 _a9785945875760
_9300
035 _a(NLR Aleph) 012808096
090 _a13204602
_c13204602
100 _a20220602d2014 u y0rusy50 ca
101 0 _arus
102 _aRU
105 _aac z 000zy
181 0 _ai
_baxxe
182 0 _an
200 1 _a"Всех калмыков переселить..." в Сибирь
_e(о депортации калмыцкого народа в сибирские регионы: 1943-1957 гг.)
_e[монография]
_fВ. Б. Убушаев
_gФедеральное государственное бюджетное образовательное учреждение высшего профессионального образования "Калмыцкий государственный университет"
203 _aТекст
_bвизуальный
_cнепосредственный
210 _aЭлиста
_cДжангар
_d2014
215 _a655 с.
_cил., цв. ил., портр.
_d22
320 _aБиблиогр.: с. 592-600 и в подстроч. примеч.
606 1 _aКалмыки
_xДепортация
_92189583
_3RU\NLR\AUTH\661316273
686 1 _aТ3(2)72-36
686 1 _aТ3(2Р-6Ка)72,02
700 1 _8rus
_7ca
_aУбушаев
_bВ. Б.
_f1937-
_gВладимир Бадахаевич
_3RU\NLR\AUTH\7718141
_91224
942 _cBOOK
980 _aNBR